Madame Anselma, pintora gaditana de origen ruso, en la Real Academia de Bellas Artes de San Fernando / (Record no. 22167)

MARC details
000 -LEADER
campo de control de longitud fija 01013nam a2200265 i 4500
001 - NÚMERO DE CONTROL
campo de control 22167
003 - IDENTIFICADOR DE NÚMERO DE CONTROL
campo de control ES-MaACL
005 - FECHA Y HORA DE LA ÚLTIMA TRANSACCIÓN
campo de control 20250825062717.0
007 - CAMPO FIJO DE DESCRIPCIÓN FÍSICA--INFORMACIÓN GENERAL
campo de control de longitud fija t|
008 - DATOS DE LONGITUD FIJA--INFORMACIÓN GENERAL
campo de control de longitud fija 000313s1985 sp af ||||1|bspa d
040 ## - FUENTE DE CATALOGACIÓN
Centro/agencia transcriptor ES-MaACL
080 ## - NÚMERO DE LA CLASIFICACIÓN DECIMAL UNIVERSAL
Número de la Clasificación Decimal Universal 929:75 Anselma
100 1# - ENTRADA PRINCIPAL--NOMBRE DE PERSONA
Nombre de persona Azcue Brea, Leticia
Término indicativo de función/relación Autor
9 (RLIN) 24279
245 10 - MENCIÓN DEL TÍTULO
Título Madame Anselma, pintora gaditana de origen ruso, en la Real Academia de Bellas Artes de San Fernando /
Mención de responsabilidad, etc. por Leticia Azcue Brea
260 ## - PUBLICACIÓN, DISTRIBUCIÓN, ETC.
Lugar de publicación, distribución, etc. Madrid :
Nombre del editor, distribuidor, etc. Real Academia de Bellas Artes de San Fernando,
Fecha de publicación, distribución, etc. 1985
300 ## - DESCRIPCIÓN FÍSICA
Extensión 11 hojas, 3 hojas de láminas ;
Dimensiones 25 cm
504 ## - NOTA DE BIBLIOGRAFÍA, ETC.
Nota de bibliografía, etc. Bibliografía
600 14 - PUNTO DE ACCESO ADICIONAL DE MATERIA--NOMBRE DE PERSONA
Nombre de persona Gessler de Lacroix, Alejandrina,
Fechas asociadas al nombre 1831-1907
9 (RLIN) 148296
655 #0 - TERMINO DE INDIZACIÓN--GENERO/FORMA
Datos o término principal de género/forma Biografías
9 (RLIN) 176647
710 2# - ENTRADA AGREGADA--NOMBRE DE ENTIDAD CORPORATIVA
Nombre de entidad corporativa o nombre de jurisdicción como elemento de entrada Real Academia de Bellas Artes de San Fernando
Término indicativo de función/relación Editor
9 (RLIN) 6291
852 ## - LOCALIZACIÓN
Ubicación ES-MaACL
Ubicación en estantería Depósito 2
Anotaciones manuscritas Dedicatoria autógrafa de la autora
Donativo/Legado Donación Leticia Azcue Brea
Número de control de estantería L-10393
itemnumber 22971
942 ## - ELEMENTOS DE ENTRADA SECUNDARIOS (KOHA)
Tipo de ítem Koha Libro impreso
Suprimir en OPAC No
Holdings
Estatus retirado Estado de pérdida Fuente del sistema de clasificación o colocación Estado de daño No para préstamo Colección Biblioteca de origen Biblioteca actual Ubicación en estantería Fecha de adquisición Fuente de adquisición Total de préstamos Signatura topográfica completa Código de barras Visto por última vez Tipo de ítem Koha Nota pública
    Clasificación decimal universal     Libros con dedicatorias Biblioteca del Ateneo de Madrid Biblioteca del Ateneo de Madrid Depósito 2 17/01/2008 Donación   L-10393 1022802 23/02/2023 Libro impreso Dedicatoria autógrafa de la autora